Historias de mi Granja / (Registro nro. 25369)

Detalles MARC
000 -LEADER
campo de control de longitud fija 02976cam a22005174i 4500
003 - IDENTIFICADOR DE NÚMERO DE CONTROL
campo de control PE-LiUPU
005 - FECHA Y HORA DE LA ÚLTIMA TRANSACCIÓN
campo de control 20250731184059.0
008 - DATOS DE LONGITUD FIJA--INFORMACIÓN GENERAL
campo de control de longitud fija 171009s2010 ag a r 000 0 spa d
020 ## - NÚMERO INTERNACIONAL ESTÁNDAR DEL LIBRO
Número Internacional Estándar del Libro 9507691693
020 ## - NÚMERO INTERNACIONAL ESTÁNDAR DEL LIBRO
Número Internacional Estándar del Libro 9789507691690
035 ## - NÚMERO DE CONTROL DEL SISTEMA
Número de control de sistema (Sirsi) a239692
040 ## - FUENTE DE CATALOGACIÓN
Centro catalogador/agencia de origen PE-LiUPU
Lengua de catalogación spa
Centro/agencia transcriptor PE-LiUPU
Normas de descripción rda
049 ## - FONDOS LOCALES (OCLC)
Biblioteca depositaria PRUA
082 04 - NÚMERO DE LA CLASIFICACIÓN DECIMAL DEWEY
Número de clasificación 863.928
Cutter P48 2010
082 04 - NÚMERO DE LA CLASIFICACIÓN DECIMAL DEWEY
Número de clasificación 848.9
Cutter P48
Número de edición 23
100 1# - ENTRADA PRINCIPAL--NOMBRE DE PERSONA
Nombre de persona Peverini de Ampuero, Otilia,
Término indicativo de función/relación autor.
245 10 - MENCIÓN DEL TÍTULO
Título Historias de mi Granja /
Mención de responsabilidad, etc. Otilia Peverini de Ampuero.
264 #1 - PRODUCCIÓN, PUBLICACIÓN, DISTRIBUCIÓN, FABRICACIÓN Y COPYRIGHT
Producción, publicación, distribución, fabricación y copyright Argentina :
Nombre del de productor, editor, distribuidor, fabricante Ediciones New Life,
Fecha de producción, publicación, distribución, fabricación o copyright 2010.
300 ## - DESCRIPCIÓN FÍSICA
Extensión 111 páginas :
Otras características físicas ilustraciones ;
Dimensiones 21 centímetros
336 ## - TIPO DE CONTENIDO
Término de tipo de contenido text
Fuente rdacontent
337 ## - TIPO DE MEDIO
Nombre/término del tipo de medio unmediated
Fuente rdamedia
338 ## - TIPO DE SOPORTE
Nombre/término del tipo de soporte volume
Fuente rdacarrier
505 0# - NOTA DE CONTENIDO CON FORMATO
Nota de contenido con formato El zapatito de charol -- Misioneritos -- El petizo Sabio -- Por un plato de locro -- Tengo miedo -- Prestar a Dios -- ¡Víboras! -- Compartiendo -- Fue solo una Broma -- Jesús mira el corazón -- Perros y Perritos -- LaPura verdad -- El corderito -- Una Lección oportuna -- La chuequita -- Musi -- Totó -- San Antonio Milagroso -- No juzgues -- Perdóname -- Cuando musi se perdió -- ¡Cuidado! -- Cabito, el amigo fiel -- ¡Abajo las armas! -- El angel de Jehová! -- Jardinerito.
526 ## - NOTA DE INFORMACIÓN SOBRE EL PROGRAMA DE ESTUDIO
Nombre del programa Comunicación Y Periodismo
526 ## - NOTA DE INFORMACIÓN SOBRE EL PROGRAMA DE ESTUDIO
Nombre del programa Educación, Especialidad Inglés Y Español (A Distancia)
526 ## - NOTA DE INFORMACIÓN SOBRE EL PROGRAMA DE ESTUDIO
Nombre del programa Educación, Especialidad Inglés Y Español
526 ## - NOTA DE INFORMACIÓN SOBRE EL PROGRAMA DE ESTUDIO
Nombre del programa Educación secundaria, especialidad lingüística e inglés
526 ## - NOTA DE INFORMACIÓN SOBRE EL PROGRAMA DE ESTUDIO
Nombre del programa Ciencias de la comunicación
596 ## -
-- 1 3
650 04 - PUNTO DE ACCESO ADICIONAL DE MATERIA--TÉRMINO DE MATERIA
Término de materia o nombre geográfico como elemento de entrada Relato para niños.
650 04 - PUNTO DE ACCESO ADICIONAL DE MATERIA--TÉRMINO DE MATERIA
Término de materia o nombre geográfico como elemento de entrada Narrativa testimonial.
650 04 - PUNTO DE ACCESO ADICIONAL DE MATERIA--TÉRMINO DE MATERIA
Término de materia o nombre geográfico como elemento de entrada Cuentos infantiles franceses
Subdivisión cronológica Siglo XX
Subdivisión de forma Adaptaciones.
910 ## - DATOS DE OPCIÓN DEL USUARIO (OCLC)
-- qv
-- 20171009
910 ## - DATOS DE OPCIÓN DEL USUARIO (OCLC)
Datos de opción del usuario bgr
-- ksl
-- ksl
-- 20190826
942 ## - ELEMENTOS DE ENTRADA SECUNDARIOS (KOHA)
Fuente del sistema de clasificación o colocación Clasificación Decimal Dewey
Tipo de ítem Koha
949 ## - PROCESAMIENTO DE INFORMACIÓN LOCAL (OCLC)
a 863.928 P48 2010
w DEWEY
c 1
i FJ08899
l CCODEBUJ1
m BUJ
p 5.00
r 0
s Y
t BOOK
u 2017-10-09
x EDUCACIÓN
-- P20
0 COMPRA
o .STAFF. Colección General Juliaca
949 ## - PROCESAMIENTO DE INFORMACIÓN LOCAL (OCLC)
a 863.928 P48 2010
w DEWEY
c 2
i FJ08900
l CCODEBUJ1
m BUJ
p 5.00
r 0
s Y
t BOOK
u 2017-10-09
x EDUCACIÓN
-- P20
0 COMPRA
o .STAFF. Colección General Juliaca
994 ## -
-- C0
-- PEPRU
999 ## - NÚMEROS DE CONTROL DE SISTEMA (KOHA)
-- DEWEY
-- FJ08899
-- 2019-5-3
-- 2022-2-2
-- 2
-- CCODEBUJ1
-- BUJ
-- 1
-- 5.00
-- 6
-- 0
-- Y
-- BOOK
-- 2017-10-9
-- EDUCACION
-- P20
-- COMPRA
-- .STAFF. Colección General Juliaca
999 ## - NÚMEROS DE CONTROL DE SISTEMA (KOHA)
-- DEWEY
-- FJ08900
-- 2022-2-2
-- 2
-- CCODEBUJ1
-- BUJ
-- 5.00
-- 2
-- 0
-- Y
-- BOOK
-- 2017-10-9
-- EDUCACION
-- P20
-- COMPRA
-- .STAFF. Colección General Juliaca
999 ## - NÚMEROS DE CONTROL DE SISTEMA (KOHA)
-- DEWEY
-- 80638
-- 2019-11-7
-- CRAI-HOUSE
-- BUL
-- 1
-- 3.48
-- 0
-- Y
-- BOOK
-- 2019-8-26
-- COLEGIO
-- UNKNOWN
-- DONACION
-- .STAFF. Colección General
999 ## - NÚMEROS DE CONTROL DE SISTEMA (KOHA)
-- DEWEY
-- 80639
-- CRAI-HOUSE
-- BUL
-- 3.48
-- 0
-- Y
-- BOOK
-- 2019-8-26
-- COLEGIO
-- UNKNOWN
-- DONACION
-- .STAFF. Colección General
999 ## - NÚMEROS DE CONTROL DE SISTEMA (KOHA)
-- DEWEY
-- 80640
-- 2021-11-9
-- 2
-- CCODEBUL1
-- BUL
-- 3.48
-- 0
-- Y
-- BOOK
-- 2019-8-26
-- EDUCACION
-- UNKNOWN
-- DONACION
-- .STAFF. Colección General
980 ## - EQUIVALENCIA O REFERENCIA-CRUZADA-MENCIÓN DE SERIE--NOMBRE DE PERSONA/TÍTULO [LOCAL, CANADÁ]
ID del último usuario que modificó el registro 1
Nombre del último usuario que modificó el registro ALBERTO SANCHEZ Responsable de Automatización
Existencias
Visto por última vez Número de inventario Total de préstamos Signatura topográfica completa Código de barras Copia número Coste, precio de reemplazo Fecha de reemplazo Facultad Tipo de ítem Koha Nota pública Estado de pérdida Fuente del sistema de clasificación o colocación No para préstamo Colección Programa académico Biblioteca de origen Biblioteca actual Ubicación en estantería Fecha de adquisición Fuente de adquisición Coste, precio normal de compra Restricciones de uso
2022-12-28 3   848.9 P48 80638 e1 8.48 2019-08-26 FACIHED Libros físicos Este Ítem NO se presta por ser Ejemplar #1. No Perdido Clasificación Decimal Dewey Disponible para préstamos Colección General Educación primaria Biblioteca CRAI UPeU Lima Biblioteca CRAI UPeU Lima Little Library 2019-08-26 DONACION 3.48  
2022-10-21     848.9 P48 80639 e2 8.48 2019-08-26 FACIHED Libros físicos   Perdido Clasificación Decimal Dewey No disponible para préstamos Colección General Educación primaria Biblioteca CRAI UPeU Lima Biblioteca CRAI UPeU Lima Little Library 2019-08-26 DONACION 3.48 Restringido
2024-08-05 1   848.9 P48 80640 e3 8.48 2019-08-26 FACIHED Libros físicos inventario-2023-12-13 No Perdido Clasificación Decimal Dewey Disponible para préstamos Colección General Educación primaria Biblioteca CRAI UPeU Lima Biblioteca CRAI UPeU Lima Sala principal 2019-08-26 DONACION 3.48 No restringido